000
00216nam a22000977a 4500
999
_c
263356
_d
263355
020
_a
0439262828
100
_a
Christopher Sloan
245
_a
Feathered Dinosaurs
260
_a
New York
_b
Scholastic
_c
2000
942
_c
BK